Bands With Female Vocalists - Statistics

General Stats
  • This quiz has been taken 80 times
    52 since last reset
  • The average score is 14 of 30
Answer Stats
Hint Answer % Correct
No doubt Gwen Stefani
88%
The Black Eyed Peas Stacy Ferguson
85%
Amy Lee Evanescence
80%
Stevie Nicks Fleetwood Mac
78%
Hole Courtney Love
76%
Blondie Deborah Harry
76%
Eurythmics Annie Lennox
71%
Garbage Shirley Manson
71%
Fugees Lauryn Hill
61%
Hayley Williams Paramore
61%
The Sugarcubes Bjork
54%
The Cranberries Dolores O'Riordan
54%
Siouxsie Sioux Siouxsie and The Banshees
49%
The Pretenders Chrissie Hynde
46%
Grace Slick Jefferson Airplane
41%
Yeah Yeah Yeahs Karen O
41%
4 Non Blondes Linda Perry
39%
Kim Gordon Sonic Youth
37%
Nina Persson The Cardigans
37%
Skunk Anansie Skin
34%
Natalie Merchant 10,000 Maniacs
32%
Kate Pierson The B-52's
29%
Goldfrapp Alison Goldfrapp
27%
Cerys Matthews Catatonia
24%
Yazoo Alison Moyet
22%
Portishead Beth Gibbons
22%
Margo Timmins Cowboy Junkies
20%
Hope Sandoval Mazzy Star
20%
Skye Edwards Morcheeba
20%
Texas Sharleen Spiteri
20%
No matching quizzes found
Score Distribution
Percent of People with Each Score
Percentile by Number Answered
Your Score History
You have not taken this quiz since the last reset